Baltimore, MARYLAND - Random Facts - Statistics

General Stats
  • This quiz has been taken 334 times
    327 since last reset
  • The average score is 9 of 22
Answer Stats
Hint Answer % Correct
Baseball team Orioles
94%
The _____ Harbor (Baltimore Place Inner
80%
What does "BMORE" Stand for? Baltimore
79%
Football team BEFORE the Ravens (NFL) Colts
77%
Newspaper The Sun
71%
Iron Man Cal Ripken Jr.
69%
FEDERAL ____ (Area in Baltimore) Hill
67%
Baltimore's Beer Natty Boh
66%
Biggest Neon Light Sign in the World Domino Sugar
41%
Orioles Mascot The Bird
41%
Baseball Stadium's FULL name Oriole Park at Camden Yards
39%
Orioles Best Pitcher of ALL-TIME Jim Palmer
34%
Brooks Robinson's number Five
26%
Believe ____ Hon
22%
Who is the only person to have a ball hit the warehouse at the baseball stadium? Ken Griffey Jr
20%
Outdoor CONCERT venue in the Inner Harbor Pier Six
15%
Street that run thru OPACY Eutaw
13%
Cal's # 8
7%
Baltimore Delicacy (Hint: You may need a mallet) Crab
2%
Indoor Soccer Team Baltimore Blast
0%
City's nickname? Charm City
0%
First owner of the Ravens? Modell
0%
No matching quizzes found
Score Distribution
Percent of People with Each Score
Percentile by Number Answered
Your Score History
You have not taken this quiz since the last reset